| 000 | 00536cam a22002172a 4500 | ||
|---|---|---|---|
| 001 | 018587 | ||
| 003 | AR-FADEU | ||
| 008 | 311216n1988####xxu####################dd | ||
| 020 | _a0-553-26976-3 | ||
| 092 |
_a808.838 5 _bC743p |
||
| 100 | _aConklin, Barbara | ||
| 245 | _aP. S. I love you | ||
| 260 | _aToronto | ||
| 260 | _bBantam Books | ||
| 260 | _c1988 | ||
| 300 | _a182 p | ||
| 440 |
_aSweet dreams _n1 |
||
| 650 | _aLITERATURA ESTADOUNIDENSE-SIGLO XX; NOVELA ROMANTICA/REVISADO/ | ||
| 546 | _aInglés | ||
| 942 | _cBDGR | ||
| 999 |
_c24319 _d24319 |
||